La espera / (Registro nro. 8650)

Detalles MARC
000 -LIDER
fixed length control field 00951nam a22003257a 4500
003 - IDENTIFICACDOR DE NÚMERO DE CONTROL
control field DO-SdBPM
005 - DATE AND TIME OF LATEST TRANSACTION
control field 20250808095156.0
007 - CAMPOS FIJOS DE DESCRIPCIÓN FÍSICA
fixed length control field ta
008 - ELEMENTOS DE LONGITUD FIJA
fixed length control field 151111b 2001 sp |||| 00| 0 spa d
020 ## - ISBN
International Standard Book Number 8483101521
040 ## - FUENTE DE CATALOGACIÓN
Agencia que crea de manera original el registro DO-SdBPM
Idioma de catalogación spa
Agencia que realiza la transcripción BPMSU
Convenciones de la despripción rda
041 17 - CÓDIGOS DE OBRAS TRADUCIDAS O EN VARIOS IDIOMAS
Código del idioma del texto/archivo de sonido o separata spa
Cód. del idioma original y/o traducciones intermedias del texto eng
082 #4 - NÚMERO DE CLASIFICACIÓN DECIMAL DE DEWEY
Classification number 895.13
Item number H111e 2001
Edition number 22
100 1# - ASIENTO PRINCIPAL -- NOMBRE PERSONAL
Nombre personal Ha, Jin,
Títulos u otras palabras asociadas con el nombre 1956-
245 10 - MENCIÓN DE TITULO
Título La espera /
Mención de responsabilidad Ha Jin ; traducción de Jordi Fibla.
250 ## - MENCIÓN DE EDICION
Mención de edición 2a ed.
264 ## - PRODUCTION, PUBLICATION, DISTRIBUTION, MANUFACTURE, AND COPYRIGHT NOTICE
Place of production, publication, distribution, manufacture Barcelona :
Name of producer, publisher, distributor, manufacturer Tusquet Editores,
Date of production, publication, distribution, manufacture, or copyright notice 2001.
300 ## - DESCRIPCIÓN FÍSICA
Extensión 338 páginas ;
Dimensiones 21 cm.
336 ## - CONTENT TYPE
Content type term texto
Content type code txt
Source rdacontent
337 ## - MEDIA TYPE
Media type term sin mediación
Media type code n
Source rdamedia
338 ## - CARRIER TYPE
Carrier type term volumen
Carrier type code nc
Source rdacarrier
490 0# - MENCIÓN DE SERIES
Mención de serie Andanzas,
Volume/sequential designation 424
534 ## - NOTA SOBRE LA VERSIÓN ORIGINAL
Frase introductoria Título original :
Mención del título original Waiting.
Asiento principal del original
590 ## - NOTA LOCAL
Texto de la nota local Inventariado, 2025/VM
650 #7 - ENCABEZAMIENTO DE MATERIA--TEMÁTICO
Término temático o nombre geográfico como elemento de entrada Novela china.
650 #7 - ENCABEZAMIENTO DE MATERIA--TEMÁTICO
Término temático o nombre geográfico como elemento de entrada Novela amorosa
700 1# - ASIENTO SECUNDARIO -- NOMBRE PERSONAL
Nombre personal Fibla, Jordi,
Títulos u otras palabras asociadas con el nombre traductor
910 ## - VALIDACIÓN
Validación VMateo V. Control de calidad. BPMSU
942 ## - ADDED ENTRY ELEMENTS (KOHA)
Source of classification or shelving scheme Dewey Decimal Classification
Koha item type Libros
Existencias
Withdrawn status Lost status Source of classification or shelving scheme Damaged status Not for loan Collection code Home library Current library Date acquired Source of acquisition Total Checkouts Full call number Barcode Date last seen Price effective from Koha item type
    Dewey Decimal Classification     Colección General Biblioteca Pública Metropolitana Salomé Ureña Biblioteca Pública Metropolitana Salomé Ureña 11/11/2015 FUNDI   BPMSU CG 895.13 H111e 2001 BPMSU15110201 11/11/2015 11/11/2015 Libros